Normal view
MARC view
- Psychological tests -- Problems, exercises, etc
Entry Topical Term
001 - CONTROL NUMBER
- control field: 374
003 - CONTROL NUMBER IDENTIFIER
- control field: JO-AjAnu
005 - DATE AND TIME OF LATEST TRANSACTION
- control field: 20230606070351.0
008 - FIXED-LENGTH DATA ELEMENTS
- fixed length control field: 230606|| aca||aabn | a|a d
040 ## - CATALOGING SOURCE
- Original cataloging agency: JO-AjAnu
- Transcribing agency: JO-AjAnu
150 ## - HEADING--TOPICAL TERM
- Topical term or geographic name entry element: Psychological tests -- Problems, exercises, etc
670 ## - SOURCE DATA FOUND
- Source citation: Work cat.: (JO-AjAnu)198: Cohen,Ronald Jay , Swerdlik,Mark E, author 373, Psychological Testing and Assessment